Studies in medieval science and natural philosophy
Αποθηκεύτηκε σε:
| Κύριος συγγραφέας: | |
|---|---|
| Μορφή: | Βιβλίο |
| Γλώσσα: | Αγγλικά |
| Έκδοση: |
Londres
Variorum
1981
|
| Σειρά: | Collected Studies Series
|
| Θέματα: | |
| Ετικέτες: |
Προσθήκη ετικέτας
Δεν υπάρχουν, Καταχωρήστε ετικέτα πρώτοι!
|
MARC
| LEADER | 00000nam a2200000 a 4500 | ||
|---|---|---|---|
| 001 | UCZ4606 | ||
| 003 | CL-VaPUC | ||
| 008 | 951110e19810000UK |||||||||||||||||eng|d | ||
| 082 | 0 | 4 | |a 113 |b GRA |2 21 |
| 100 | |a Grant, Edward |e author |9 440813 | ||
| 245 | 1 | 0 | |a Studies in medieval science and natural philosophy |
| 300 | |a 364 p | ||
| 942 | |c BK | ||
| 945 | |d 19951110 00:00:00 |a cmena | ||
| 260 | |a Londres |b Variorum |c 1981 | ||
| 650 | 0 | |a Filosofía de la naturaleza |9 265899 | |
| 650 | 7 | |a CIENCIA EDAD MEDIA |2 CL-VaPUC |9 348609 | |
| 650 | 0 | |a Cosmología |9 269138 | |
| 650 | 0 | |a Espacio |9 336785 | |
| 583 | |a last modification |c 19951110 00:00:00 |k Rodrigo Vera | ||
| 490 | 0 | |a Collected Studies Series | |
| 999 | |c 240976 |d 240974 | ||
| 952 | |0 0 |1 0 |4 0 |6 113_000000000000000_GRA_1981 |7 0 |8 P |9 253112 |a BIBEDU |b BIBEDU |c BIBEDU_PB |d 2019-11-19 |i 1596403 |o 113 GRA 1981 |p 1596403 |r 2024-01-25 |w 2019-11-19 |y BK |k FIL | ||